000 00772 a2200217 4500
005 2008090501391.0
008 080905t xxu||||| |||| 00| 1 eng d
010 _aENG-87584
020 _a8181574281
_c200.00
035 _aEN-71117
037 _bDBAD / PUB
082 _aS
100 _aChatterjee, Hari Sadhan
245 _aThe ramayana katha
_cby Hari Sadhan Chatterjee; edited by S. Krishnamoorthy
260 _aCalcutta
_bWriters Workshop
_c2006
270 _a162/92, Lake Gardens,
_bCalcutta
_e700 045
300 _a84p.
_c22 cm (Hb)
490 _aWriters workshop greenbird book
942 _adpl
_cEN
_kS / CHA
_2ddc
_hS
_mCHA
999 _c6692
_d6692